| 000 | 01261nam a22003497a 4500 | ||
|---|---|---|---|
| 003 | CHAP | ||
| 005 | 20220329133907.0 | ||
| 008 | 971013s1908 r 00010 d | ||
| 010 | _a12354 | ||
| 011 | _a13326 | ||
| 035 | _a17397 | ||
| 040 | _cCHAP | ||
| 090 | _aFolleto 6101 | ||
| 100 | 0 | 0 |
_aBasurto Larrainzar, Andrés. _910767 |
| 245 | _aInstrucciones para recoger y remitir muestras de agua para su análisis | ||
| 260 |
_aMéxico, D. F. : _bEstación Agrícola Central, _c1908 |
||
| 300 | _a3 p. | ||
| 490 |
_aMéxico. Estacioón Agrícola Central. Circular _v; 4 |
||
| 590 |
_aBATCH-UPD _b10 _c20130110 _lUCH01 _h1239 |
||
| 590 |
_aBATCH-UPD _b10 _c20130410 _lUCH01 _h0806 |
||
| 590 |
_aBATCH-UPD _b10 _c20130913 _lUCH01 _h2241 |
||
| 590 |
_aBATCH-UPD _b10 _c20130914 _lUCH01 _h1828 |
||
| 590 |
_aCONVERSION _b10 _c20130109 _lUCH01 _h1308 |
||
| 650 | 1 | 4 |
_aAgua _xAnálisis. _92280 |
| 830 | 0 |
_aMéxico. Estacioón Agrícola Central. Circular _v; 4 _977062 |
|
| 901 | _aBK | ||
| 942 | _cFOLL | ||
| 949 |
_aFolleto 6101 _bBC _cBPP _d-41087 _eBPP _i17397 _mD _si |
||
| 949 |
_aFolleto 6101 _bBC _cBPP _d-41089 _eBPP _fc.2 _i17397 _mD _si |
||
| 949 |
_aFolleto 6101 _bBC _cBPP _d-41090 _eBPP _fc.3 _i17397 _mD _si |
||
| 949 |
_aFolleto 6101 _bBC _cBPP _d-41091 _eBPP _fc.4 _i17397 _mD _si |
||
| 999 |
_c12354 _d12354 |
||